Norton Ghost: Chương trình sao chép ổ cứng Version 6.0

Salvato in:
Dettagli Bibliografici
Autore principale: Đinh Vũ Nhân
Natura: Libro
Lingua:Undetermined
Pubblicazione: Hà Nội Thanh niên 1999
Soggetti:
Tags: Aggiungi Tag
Nessun Tag, puoi essere il primo ad aggiungerne! !
Thư viện lưu trữ: Trung tâm Học liệu Trường Đại học Cần Thơ
LEADER 00550nam a2200181Ia 4500
001 CTU_37545
008 210402s9999 xx 000 0 und d
082 |a 004.07 
082 |b Nh121n 
100 |a Đinh Vũ Nhân 
245 0 |a Norton Ghost: Chương trình sao chép ổ cứng 
245 0 |b Version 6.0 
245 0 |c Đinh Vũ Nhân 
260 |a Hà Nội 
260 |b Thanh niên 
260 |c 1999 
650 |a norton,programming languages ( electronic computers ) 
980 |a Trung tâm Học liệu Trường Đại học Cần Thơ